000 00930nam a2200253Ia 4500
003 GCL
008 140319s9999 xx 000 0 ara d
020 _a7210205977
040 _aGCL /
_cGCL
082 0 4 _a371.26
_bم ت
100 1 _aمصطفى باهى
245 1 0 _aالتقويم فى مجال العلوم التربوية والنفسية :
_bمبادئ- نظريات - تطبيقات /
_cمصطفى باهى
700 1 _aفاتن النمر
250 _aالاولى
260 _aالقاهرة :
_bمكتبة الانجلوالمصرية ،
_c2004
300 _a393 ص ؛
_c25 سم
650 0 4 _aالتحليل النفسى
650 0 4 _aالاختبارات
650 0 4 _aاختبارات الذكاء
650 0 4 _aالاختبارات والقياسات التعليمية
650 0 4 _aالفروق الفردية فى التعليم
650 0 4 _aالتقويم التربوى
942 _2ddc
_cBK
999 _c56745
_d56745